Biggest Chinese Cities A-Z - Statistics

General Stats
  • This quiz has been taken 51 times
  • The average score is 16 of 24
Answer Stats
Letter Population City % Correct
B 18,960,744 Beijing
100%
G 16,096,724 Guangzhou
100%
S 21,909,814 Shanghai
96%
W 10,494,879 Wuhan
96%
X 9,392,938 Xi'an
94%
T 11,052,404 Tianjin
92%
C 13,568,357 Chengdu
90%
N 7,519,814 Nanjing
88%
H 9,236,032 Hangzhou
86%
K 5,273,144 Kunming
86%
U 3,842,560 Ürümqi
86%
Z 6,461,013 Zhengzhou
86%
Q 6,165,279 Qingdao
80%
J 5,648,162 Jinan
76%
A 1,480,332 Anshan
61%
D 9,644,871 Dongguan
61%
L 3,012,577 Lanzhou
57%
F 9,042,509 Foshan
55%
E 715,268 Ezhou
33%
Y 2,311,885 Yantai
33%
O 671,048 Ordos City
24%
R 1,147,175 Rizhao
22%
P 1,539,389 Putian
18%
M 1,549,499 Mianyang
6%
No matching quizzes found
Score Distribution
Percent of People with Each Score
Percentile by Number Answered
Your Score History
You have not taken this quiz